=LDR 00000nam 2200000 4500 =001 000463 =005 20250710085745 =035 ##$$a 0010-0725000325 =007 ta =008 250710################a##########0#ind## =020 ##$$a 978-623-307-337-0 =082 ##$$a 398.209 598 =084 ##$$a 398.209 598 BAN s =100 #$$a Bannerjee, Kanchan =245 1#$$a Siapa Dia /$c Kanchan Bannerjee =250 ##$$a Cetakan Kedua =260 ##$$a Jakarta Timur :$b Badan Pengembangan dan Pembinaan Bahasa,$c 2024 =300 ##$$a 20 hlm. : $b ilus. ; $c 29 cm =650 #4$$a Cerita Anak Indonesia-Terjemahan =650 #4$$a Literasi-Bahan Bacaan =856 ##$$a TBM As Suhada =990 ##$$a TBM02130213